01019cam a2200241 a 450000100100000000500170001000800410002704000230006808200170009110000560010824501000016426000950026430000280035949000240038749000310041165000280044265000420047070000350051283000610054791000340060895201200064299900150076200000577320200929151758.0740218s1967 uy 001 p spa  aDO-SdBNPcPPTdDLC aU861.3bL6151 aLerena Acevedo, Andrés Hector,d1895-1920.91634310aPraderas soleadas, y otros poemas /cAdrés Héctor Acevedo Lerena ; prólogo, Giselda Zani. aMontevideo, Uruguay :bMinisterios de Instrucción Pública y Previsión Social,c1967. axxxvi, 104 p. ;c19 cm.0 aBiblioteca Artigas.0 aClásicos uruguayosv120. 4aPoesía uruguaya93846 4aLiteratura uruguayaySIGLO XIX9163441 aZani, Giselda,epról.916345 0aBiblioteca Artigas.pClásicos uruguayos ;v120.916276 aCatalogación por copia / LC 001052708MOaGRbGRcCTd2009-08-22iLF1l0oU861.3 L615p5773-10r2020-06-25w2020-06-25y2ZPréstamo interno c5569d5569